Responses for Show #4156 - Monday, September 30, 2002

Contestants

[<< previous game]

Duke Conde, an actor from West Orange, New Jersey

Melissa Mayo, a geographic information systems specialist from Tyler, Texas

Tim Mhyre, a neuroscientist from Webster, New York (whose 1-day cash winnings total $8,999)

[next game >>]

Jeopardy! Round responses

"O" WHEREFORE ART THOU?
HIDDEN
ROCK OF AGES
I INVENTED THAT
THREE
WORD PUZZLES
    $200 1
O.K. Corral

Tim
    $200 11
camouflage

Tim
    $200 6
17

Tim
    $200 21
Eli Whitney

Duke
    $200 16
The Three Stooges

Tim
    $200 26
a friend in need

Tim
    $400 2
Oahu

Tim
    $400 12
invisible ink

Melissa
    $400 7
Jimmy Buffett

Melissa
    $400 22
Thomas Edison

Tim
    $400 17
The Three Musketeers

Melissa
    $400 27
forgive and forget

Melissa
    $600 3
Oxford

Melissa
    $600 13
(Melissa: What are bonus tracks?)
(Tim: What are presents?)

Easter eggs

TimMelissa
Triple Stumper
    $600 8
16

Melissa
    $600 23
Hans Geiger

Tim
    $600 18
Three Dog Night

Melissa
    $600 28
"Tiptoe Through the Tulips"

Tim
    $1,000 4
Okinawa

Melissa
    $800 14
(Tim: What are smells?)
(Melissa: What are subtitles?)

subliminal advertisements

TimMelissa
Triple Stumper
    $800 9
Sugar Ray

Triple Stumper
    $800 24
Gustave Eiffel

Tim
    $800 19
Three-card Monte

Duke
    $800 29
sit down and shut up

Melissa
    $1000 5
Orleans

Melissa
    $1000 15
agenda

Melissa
    $1000 10
"Cat's in the Cradle"

Melissa
    $1000 25
Nolan Bushnell

Triple Stumper
    $1000 20
The Three Sisters

Melissa
    $1000 30
(Melissa: What is underpaid & overworked?)
(Alex: We'll take that!)

overworked & underpaid

Melissa

Scores at the first commercial break (after clue 15):

Tim Melissa Duke
-$400 $4,600 $0

Scores at the end of the Jeopardy! Round:

Tim Melissa Duke
$2,400 $8,800 $1,000

Double Jeopardy! Round responses

OPERA
CAR MEN
GIRL OF THE GOLDEN WEST
THE "RING" CYCLE
WILLIAM, TELL
LA TRIVIA-TA
    $400 1
(Tim: What is Lincoln Center?)

Metropolitan Opera House

TimDuke
    $400 11
Detroit

Duke
    $400 15
(first woman) governor

Tim
    $400 6
"The Fellowship of the Ring"

Tim
    $400 20
poetry

Melissa
    $400 29
[The end-of-round signal sounds.]

Nancy (about Frank Sinatra's daughter)

Triple Stumper
    $800 2
Aida

Melissa
    $800 12
(Melissa: What is a carburetor?)
(Tim: What is a choke?)

starter

TimMelissa
Triple Stumper
    $800 16
Liberty Valance

Tim
    $800 7
Ringling Brothers

Tim
    $800 21
praise

Tim
    $800 28
(Duke: [Without ringing in] Who is [*]?)

Cy Young

Tim
    $4,000 3
Don Giovanni

Melissa
    $1,800 13
(Duke: Who is Henry Ford?)

Walter Chrysler

Duke
    $1200 17
Cherokee

Melissa
    $1200 8
ring-necked pheasant

Melissa
    $1200 22
(Alex: A minute to go now.)

William Faulkner

Tim
    $1200 27
(Tim: What is "Let's Go Out To The Kitchen"?)
(Melissa: What is "Let's Go Out To The Lobby"?)
(Alex: Not quite.)

"Let's All Go To The Lobby To Get Ourselves A Treat"

TimMelissa
Triple Stumper
    $1600 4
(Duke: What is Paglici?)
...
(Alex: You left out a syllable.)

Pagliacci

Duke
Triple Stumper
    $1600 14
Lamborghini

Melissa
    $1600 18
Etta Place

Melissa
    $1600 9
Ring Lardner

Duke
    $1600 23
William McKinley

Triple Stumper
    $1600 26
(Melissa: What is Doublemint... [*]?)

Wrigley

Melissa
    $2000 5
Rodolfo

Triple Stumper
    $2000 19
Texas Guinan

Triple Stumper
    $2000 10
Ring Nebula

Triple Stumper
    $2000 24
William Makepeace Thackeray

Tim
    $2000 25
(Melissa: Who is Eddie the Eagle?)

Sam

Melissa
Triple Stumper

Scores at the end of the Double Jeopardy! Round:

Tim Melissa Duke
$7,200 $17,200 $0
(lock game)

[wagering suggestions for these scores]

Final Jeopardy! Round responses

WORLD FLAGS
TimWhat is Greece?
$0
MelissaWhat is Malta?
$0
Cyprus

Final scores:

Tim Melissa Duke
$7,200 $17,200 $0
2nd place: $2,000 New champion: $17,200 3rd place: $1,000

Game dynamics:

Coryat scores:

Tim Melissa Duke
$7,200 $14,200 $1,800
18 R,
5 W
22 R
(including 2 DDs),
5 W
5 R,
2 W
(including 1 DD)

Combined Coryat: $23,200

[game clues] [game scores] [suggest correction]

Game tape date: 2002-06-18
The J! Archive is created by fans, for fans. Scraping, republication, monetization, and malicious use prohibited; this site may use cookies and collect identifying information. See terms. The Jeopardy! game show and all elements thereof, including but not limited to copyright and trademark thereto, are the property of Jeopardy Productions, Inc. and are protected under law. This website is not affiliated with, sponsored by, or operated by Jeopardy Productions, Inc. Join the discussion at JBoard.tv.